/الذكاء الاصطناعي والشبكات العصبية (Record no. 12910)
[ view plain ]
| 000 -LEADER | |
|---|---|
| fixed length control field | 00532nam a22001217a 4500 |
| 008 - FIXED-LENGTH DATA ELEMENTS--GENERAL INFORMATION | |
| fixed length control field | 091115t xxu||||| |||| 00| 0 eng d |
| 082 ## - DEWEY DECIMAL CLASSIFICATION NUMBER | |
| Edition number | 22 |
| Classification number | 006.3 |
| Item number | ش ر ق |
| 245 ## - TITLE STATEMENT | |
| Title | /الذكاء الاصطناعي والشبكات العصبية |
| Statement of responsibility, etc | محمد علي الشرقاوي |
| 260 ## - PUBLICATION, DISTRIBUTION, ETC. (IMPRINT) | |
| Place of publication, distribution, etc | القاهرة: |
| Name of publisher, distributor, etc | مركز الذكاء الاصطناعى للحاسبات، |
| Date of publication, distribution, etc | 1996 |
| 300 ## - PHYSICAL DESCRIPTION | |
| Extent | 352 ص: |
| Other physical details | ؛ ايض |
| Dimensions | 24 سم |
| 490 ## - Series Statement | |
| Series statement | علوم وتكنولوجيا حاسبات المستقبل |
| Volume/sequential designation | الكتاب الأول |
| 942 ## - ADDED ENTRY ELEMENTS (KOHA) | |
| Source of classification or shelving scheme | Dewey Decimal Classification |
| Item type | Book - Borrowing |
| Withdrawn status | Item status | Source of classification or shelving scheme | Damaged status | Not for loan | Vendor | Home library | Current library | Shelving location | Date acquired | Source of acquisition | Total Checkouts | Total Renewals | Full call number | Barcode | Date last seen | Date last borrowed | Koha item type |
|---|---|---|---|---|---|---|---|---|---|---|---|---|---|---|---|---|---|
| Dewey Decimal Classification | Central Library | Central Library | Lower Floor | 15/11/2009 | 2 | 19 | 006.3 الذ | 000019019 | 15/07/2025 | 28/10/2019 | Book - Borrowing |